000 01123nam a22002897a 4500
001 BRCA_9429
003 FranzMayer
005 20230918130701.0
008 230906b |||||||| |||| 00| 0 eng d
020 _a9703511899
040 _aMFM
_bESPAÑOL
_cMFM
050 0 _aZ663.39
_bC37 2006
100 1 _4Autor
_aCasanova, Rosa
_929692
240 _aLuces sobre México
_hCatálogo selectivo de la fototeca nacional del INAH
_lEspañol
245 0 _aLuces sobre México
_bCatálogo selectivo de la fototeca nacional del INAH
260 _aMéxico
_bINAH
_c2006
300 _a295 p
_bIlustraciones
_c31 cm
500 _aAnexo 1
500 _aIncluye un sobre cerrado en el fondo, el cual contiene el nombre de la obra
500 _aLibro en pasta dura, con una sobrecubierta de plástico transparente
505 _aTexto en: españolIncluye índice temáticoDirigido a: fotógrafos e historiadores de arte
650 1 _2Biblioteca
_aColecciones
_vSalas especiales
_929693
651 2 _2Artes
_aFotografía
_vFototeca
_929694
700 1 _4Autor
_aKonzevik, Adriana
_929695
856 _3Incluye un cd
942 _2lcc
_cB
999 _c11051
_d11051